000
00272nam a2200097Ia 4500
008
241105s9999 xx 000 0 und d
041
_a
eng
100
_a
Heble Varada
_9
182672
245
_a
Landscape Approach For Khazan Ecosystem Goa
260
_b
M Arch Landscape, Pune
_c
2014
999
_c
360963
_d
360963